Paroles Châtelet les Halles- Florent Pagny - Statistiques

Statistiques générales
  • Ce quiz a été pris 37 fois
  • Le résultat moyen est 150 sur 227
Statistiques - réponses
Réponse % Correct
Châtelet
100%
Chatelet
100%
Halles
100%
le
100%
Le
100%
les
100%
Les
100%
la
96%
la
96%
La
96%
96%
96%
a
93%
à
93%
pas
93%
balnéaire
89%
Mais
89%
mais
89%
Station
89%
mer
85%
y
85%
de
81%
De
81%
du
81%
des
74%
se
74%
un
74%
et
70%
Et
70%
sa
70%
fin
67%
ne
67%
On
67%
voyage
67%
plus
59%
pour
59%
ça
56%
dans
56%
ligne
56%
peu
56%
qu'on
56%
son
56%
tous
56%
Avec
52%
Entre
52%
que
52%
qui
52%
train
52%
voisins
52%
Aller
48%
aller
48%
bleu
48%
loin
48%
murs
48%
petits
48%
plage
48%
quand
48%
sur
48%
tellement
48%
entend
44%
graffitis
44%
jamais
44%
Paris
44%
quotidien
44%
seul
44%
toujours
44%
très
44%
voir
44%
Voir
44%
C'est
41%
c'est
41%
Comme
41%
galère
41%
gris
41%
passage
41%
rien
41%
banlieue
37%
côté
37%
destins
37%
montagnes
37%
parvis
37%
prendre
37%
s'enferme
37%
Suivre
37%
tags
37%
vis-à-vis
37%
vont
37%
ici
33%
l'autre
33%
mieux
33%
Puis
33%
repères
33%
Tahiti
33%
traînent
33%
après-midi
30%
baskets
30%
Marquer
30%
même
30%
samedi
30%
s'engouffrer
30%
vit
30%
abris
26%
ceux
26%
clandestins
26%
couloir
26%
déambule
26%
débris
26%
Echouer
26%
Harlem
26%
l'ennui
26%
main
26%
parpaings
26%
Eprouvant
22%
mépris
22%
souterrains
22%
suit
22%
tendent
22%
piétine
19%
Aucun quiz correspondant
Distribution des résultats
% des personnes avec chaque résultat
Percentile par nombre de réponses
Votre historique - résultats
Vous n’avez pas pris ce quiz